000 00481nam a22001817a 4500
005 20150915145936.0
010 _aENG-113936
020 _c300.00
_a9789350450864
035 _aEN-97468
037 _bDBAD/PUB
_adpl
082 _aN
100 _aGupta, Sanjeev
245 _aIn my beginning /
_cby Sanjeev gupta
260 _aCalcutta
_bWriters Workshop
_c2014
270 _a162/92, Lake Gardens,
_bCalcutta
_e700045
300 _a192p.
_c22cm(Hb)
942 _2ddc
_cEN
_mGUP
_hN
999 _c96504
_d96504